Ramones Real Names - Statistics

General Stats
  • This quiz has been taken 16 times
  • The average score is 7 of 8
Answer Stats
Stage Name Real Name % Correct
Dee Dee Ramone Douglas Colvin
100%
Johnny Ramone John Cummings
100%
Marky Ramone Marc Bell
100%
Tommy Ramone Thomas Erdelyi
100%
Elvis Ramone Clement Burke
80%
Joey Ramone Jeff Hyman
80%
C.J. Ramone Christopher Joseph Ward
60%
Richie Ramone Richard Reinhardt
60%
No matching quizzes found
Score Distribution
Percent of People with Each Score
Percentile by Number Answered
Your Score History
You have not taken this quiz